000 00809nam a2200217Ia 4500
001 22433
003 GE_BSU
008 181216s||||||||xx |||||||||||||| ||und||
040 _cGE_BSU
245 _aРеферативный журнал. Экономика промышленности. №1 2018
245 _bЭкономика агропромышленного комплекса
245 _cГл. ред. Минакир П.А.
260 _aМосква
260 _c2018
300 _a20 стр. 30см.
653 _aПериодика
653 _aРеферативный журнал. Экономика промышленности. №1 2018
653 _aЭкономика агропромышленного комплекса
653 _aპერიოდიკა
942 _cCR
999 _c55355
_d55355